R in Action : data analysis and graphics with R /
Enregistré dans:
| Auteur principal: | |
|---|---|
| Format: | Livre |
| Langue: | anglais |
| Publié: |
Shelter Island :
Manning Publications,
2015
|
| Édition: | 2nd ed. |
| Tags: |
Pas de tags, Soyez le premier à ajouter un tag!
|
MARC
| LEADER | 00000nam a22000003a 4500 | ||
|---|---|---|---|
| 001 | 0006568 | ||
| 003 | SK-STU | ||
| 005 | 20150821120822.4 | ||
| 007 | ta | ||
| 008 | 150821s ----xo-----e------000-0-----d | ||
| 020 | |a 978-16-17291-38-8 | ||
| 040 | |a STU |b slo | ||
| 041 | 0 | |a eng | |
| 044 | |a xxu | ||
| 100 | 1 | |a Kabacoff, Robert I. |4 aut | |
| 245 | 1 | 0 | |a R in Action : |b data analysis and graphics with R / |c aut. Robert I Kabacoff |
| 250 | |a 2nd ed. | ||
| 260 | |a Shelter Island : |b Manning Publications, |c 2015 | ||
| 300 | |a 28, 579 p. | ||
| 996 | |c V* 52131/O-23343 |l VV6 |s P |a 0 |w 0006568_0001 | ||